|
|
|
|
| LEADER |
00000nam a2200000 i 4500 |
| 001 |
DIGUCANT0169 |
| 003 |
NyNyDIG |
| 007 |
cr ||||||||||| |
| 008 |
230918s2022 sp a ob 000 0 spa d |
| 006 |
m o d |
| 035 |
|
|
|a (OCoLC)1399543551
|
| 040 |
|
|
|a DGITA
|b eng
|e rda
|e pn
|c DGITA
|
| 020 |
|
|
|a 9788419024176
|q eBook
|q pdf
|
| 020 |
|
|
|z 9788419024169
|q (Rústica)
|
| 024 |
7 |
|
|a 10.22429/Euc2022.033
|2 doi
|
| 043 |
|
|
|a e-sp---
|
| 050 |
1 |
4 |
|a NB805 ebook
|
| 100 |
1 |
|
|a Gómez Urdáñez, Carmen,
|e author.
|
| 245 |
1 |
0 |
|a Carlos V y la república cristiana en Aragón :
|b del monasterio de Santa Engracia a la lonja de Zaragoza y a la de Tarazona /
|c Carmen Gómez Urdáñez.
|
| 264 |
|
1 |
|a Santander :
|b Ediciones Universidad Cantabria,
|c [2022]
|
| 300 |
|
|
|a 1 online resource :
|b illustrations (chiefly color)
|
| 336 |
|
|
|a text
|b txt
|2 rdacontent
|
| 337 |
|
|
|a computer
|b c
|2 rdamedia
|
| 338 |
|
|
|a online resource
|b cr
|2 rdacarrier
|
| 347 |
|
|
|a text file
|2 rdaft
|
| 347 |
|
|
|b PDF
|
| 490 |
1 |
|
|a Colección Difunde ;
|v 267
|
| 490 |
1 |
|
|a Me gusta... ;
|v 13
|
| 504 |
|
|
|a Includes bibliographical references.
|
| 588 |
0 |
|
|a Online resource; title from PDF title page (Digitalia, viewed September 18, 2023)
|
| 650 |
|
0 |
|a Sculpture, Renaissance
|z Spain
|z Aragon.
|
| 650 |
|
0 |
|a Monarchy in art.
|
| 600 |
0 |
0 |
|a Charles
|b V,
|c Holy Roman Emperor,
|d 1500-1558
|v Portraits.
|
| 791 |
2 |
|
|a Digitalia (Firm),
|e distributor.
|
| 793 |
0 |
|
|g Digitalia eBook Collection:
|a Universidad de Cantabria
|
| 776 |
0 |
8 |
|i Print version:
|a Gómez Urdáñez, Carmen.
|t Carlos V y la república cristiana en Aragón.
|d Santander : Ediciones Universidad Cantabria, [2022]
|z 9788419024169
|
| 830 |
|
0 |
|a Colección Difunde ;
|v 267.
|
| 830 |
|
0 |
|a Me gusta... (Editorial Universidad de Cantabria) ;
|v 13.
|
| 856 |
4 |
0 |
|3 Digitalia Hispánica
|u https://www.digitaliapublishing.com/a/129353/
|
| 910 |
|
|
|a Premium collection: 2023
|